| Tag |
First Indicator |
Second Indicator |
Subfields |
| LEADER |
00000cam a2200000 a 4500 |
| 001 |
in00000033033 |
| 005 |
20151007055108.0 |
| 008 |
871111s1987 enkc 00010 eng d |
| 010 |
|
|
|a gb 87036243
|
| 015 |
|
|
|a GB87-36243
|
| 020 |
|
|
|a 0856357227 (pbk) :
|c £12.95
|
| 035 |
|
|
|a (OCoLC)16465868
|
| 035 |
|
|
|9 AAB7243AM
|
| 040 |
|
|
|a UKM
|c UKM
|d TXA
|d UtOrBLW
|
| 043 |
|
|
|a e-uk---
|
| 049 |
|
|
|a TXAM
|c [A11073885]
|
| 050 |
|
4 |
|a TR681.A7
|b L48 1987
|
| 082 |
0 |
|
|a 779/.2
|2 19
|
| 100 |
1 |
|
|a Lewinski, Jorge.
|
| 245 |
1 |
0 |
|a Portrait of the artist :
|b twenty five years of British art /
|c Jorge Lewinski.
|
| 264 |
|
1 |
|a Manchester :
|b Carcanet,
|c 1987.
|
| 300 |
|
|
|a 167 pages :
|b chiefly portraits ;
|c 30 cm.
|
| 336 |
|
|
|a text
|b txt
|2 rdacontent
|
| 337 |
|
|
|a unmediated
|b n
|2 rdamedia
|
| 338 |
|
|
|a volume
|b nc
|2 rdacarrier
|
| 650 |
|
0 |
|a Portrait photography
|z Great Britain.
|
| 650 |
|
0 |
|a Artists
|z Great Britain
|x Portraits.
|
| 999 |
|
|
|a MARS
|
| 999 |
f |
f |
|s a566222c-b33b-31bb-8362-cd7e1aa1e4d3
|i abaf7645-4f92-3454-9d45-4cae05231ab1
|t 0
|
| 952 |
f |
f |
|p ric
|a Texas A&M University
|b Rellis Campus
|c Joint Library Facility
|d Remote Storage
|t 0
|e TR681.A7 L48 1987
|h Library of Congress classification
|i unmediated -- volume
|m A14811073885
|
| 998 |
f |
f |
|a TR681.A7 L48 1987
|t 0
|l Remote Storage
|